• 首页
  • 本馆介绍
  • 公告通知
  • 最新文献
  • 馆藏检索
  • 电子资源
  • 读者导购
  • 参考咨询
  • 我的图书馆
  • 登录
  • 详细信息显示
  • 放入我的书架
  • 预约/预借图书
  • 作者相关作品
  • 分类相关作品
  • 丛书相关作品
  • 出版社相关作品

书目信息

  • 表格格式
  • 工作单格式
  • 卡片格式
题名:
《毛泽东思想和中国特色社会主义理论体系概论》慕课100讲
    
 
作者: 王员 , 邓文平 主编
分册:  
出版信息: 北京   红旗出版社  2017
页数: 322页
开本: 24cm
丛书名:
单 册:
中图分类: A84 , D616
科图分类:
主题词: 毛泽东思想--高等学校--教学参考资料 , 中国特色社会主义--高等学校--教学参考资料
电子资源:
ISBN: 978-7-5051-4123-0
000 01079nam0 2200265 450
001 012001004810
005 20140928162350.0
010    @a978-7-5051-4123-0@dCNY58.00
100    @a20170905d2017 em y0chiy50 ea
101 0  @achi
102    @aCN@b110000
105    @ay z 000yy
106    @ar
200 1  @a《毛泽东思想和中国特色社会主义理论体系概论》慕课100讲@9《 mao ze dong si xiang he zhong guo te se she hui zhu yi li lun ti xi gai lun 》 mu ke 100 jiang@f王员, 邓文平主编
210    @a北京@c红旗出版社@d2017
215    @a322页@d24cm
330    @a本书紧扣《毛泽东思想和中国特色社会主义理论体系概论》课程的视频教学,选取了毛泽东思想和中国特色社会主义理论体系中的重点、难点、热点和焦点问题,设计成一个个相对独立的知识点,集中、全面地对相关的问题进行科学解读,集结成书。
606 0  @a毛泽东思想@x高等学校@j教学参考资料
606 0  @a中国特色社会主义@x高等学校@j教学参考资料
690    @aA84@v5
690    @aD616@v5
701  0 @a王员@9wang yuan@4主编
701  0 @a邓文平@9deng wen ping@4主编
801  0 @aCN@b上海新华@c20180901
905    @b1167067-71@dA84@e172@f5
    
    《毛泽东思想和中国特色社会主义理论体系概论》慕课100讲/王员, 邓文平主编.-北京:红旗出版社,2017
    322页;24cm
    
    
    ISBN 978-7-5051-4123-0:CNY58.00
    本书紧扣《毛泽东思想和中国特色社会主义理论体系概论》课程的视频教学,选取了毛泽东思想和中国特色社会主义理论体系中的重点、难点、热点和焦点问题,设计成一个个相对独立的知识点,集中、全面地对相关的问题进行科学解读,集结成书。
●
相关链接 在E读中查询图书 在五车中查询图书 在当当中查询图书 在豆瓣中查询图书


正题名:《毛泽东思想和中国特色社会主义理论体系概论》慕课100讲     索取号:A84/172         预约/预借

序号 登录号 条形码 馆藏地/架位号 状态 备注
1 1167067   211670672   第一样本阅览室/ [索取号:A84/172] 在馆    
2 1167068   211670681   中国特色社会主义理论体系唐师研究基地/ [索取号:A84/172] 在馆    
3 1167069   211670690   第一借阅区/ [索取号:A84/172] 在馆    
4 1167070   211670707   第一借阅区/ [索取号:A84/172] 在馆    
5 1167071   211670716   第一借阅区/ [索取号:A84/172] 在馆    
唐山师范学院图书馆 欢迎您!
大连网信软件有限公司© 版权所有